Statistiques concernant Logo/ Marque quizz #2

Cliquez ici pour prendre le quiz!

Statistiques générales

  • Ce quiz a été pris 164 fois
  • Le résultat moyen est 15 sur 26

Statistiques - réponses

Réponse% Correct
Aldi
98%
Lego
96%
Malabar
92%
Président
89%
Champion
88%
Deliveroo
87%
IBIS
85%
NIssan
79%
Kappa
76%
UPS
71%
Findus
65%
GoPro
63%
Whiskas
59%
Yoplait
59%
Huawei
51%
Qatar airways
51%
Taco bell
49%
Zadig et Voltaire
42%
Vahiné
40%
Buitoni
33%
John deer
31%
OpenOffice
30%
Ravensburger
26%
Eni
24%
Schwarzkopf
24%
Xena
13%

Distribution des résultats

Percentile par nombre de réponses

% des personnes avec chaque résultat

Votre développement - résultats

Vous n’avez pas pris ce quiz